RDR2 Missions - Statistics

General Stats
  • This quiz has been taken 973 times
  • The average score is 21 of 109
Answer Stats
Quest Giver Mission % Correct
Auto Red Dead Redemption
68%
Abigail American Venom
55%
Auto Outlaws From The West
48%
Auto Who The Hell Is Leviticus Cornwall?
44%
Dutch A Quiet Time
37%
Auto Enter, Pursued By A Memory
37%
Micah Blessed Are The Meek
36%
Bill Old Friends
36%
Micah Blessed Are The Peacemakers
35%
Dutch Banking, The Old American Art
33%
Dutch My Last Boy
33%
Auto Eastward Bound
32%
Bill A Short Walk In A Pretty Town
31%
Dutch Blood Feuds, Ancient And Modern
30%
Hosea Exit, Pursued By A Bruised Ego
30%
Strauss Money Lending And Other Sins I
30%
Debtors Money Lending And Other Sins II
30%
Kieran Paying A Social Call
30%
Pearson The Aftermath Of Genesis
30%
Mary We Loved Once And True
29%
Javier Americans At Rest
28%
Uncle Polite Society, Valentine Style
28%
John Pouring Forth Oil
28%
Abigail A Fisher Of Men
27%
Thomas Downes Money Lending And Other Sins III
27%
Dutch The New South
27%
Auto Welcome To The New World
27%
Swanson Who Is Not Without Sin
27%
Auto The Battle Of Shady Belle
26%
Sheriff Malloy Good, Honest Snake Oil
25%
Beau The Course Of True Love I
25%
John The Sheep And The Goats
25%
Beau The Course Of True Love II
24%
Beau The Course of True Love III
24%
Javier The First Shall Be Last
24%
Auto The Wheel
24%
Hosea Advertising, The New American Art
23%
Dutch A Strange Kindness
23%
Micah An American Pastoral Scene
22%
Dutch Angelo Bronte, A Man Of Honor
22%
Dutch Our Best Selves
22%
Bill Sodom? Back To Gomorrah
22%
Hosea The Spines Of America
22%
Molly An Honest Mistake
21%
Dutch American Distillation
20%
John Horse Flesh For Dinner
20%
Trelawny Friends In Very Low Places
19%
Auto Hell Hath No Fury
19%
Dutch Magicians For Sport
19%
Hosea The Fine Joys Of Tobacco
19%
Mary-Beth No, No And Thrice No
18%
Lenny Preaching Forgiveness As He Went
18%
Hosea The Gilded Cage
18%
Dutch Urban Pleasures
18%
Dutch Country Pursuits
17%
Auto Dear Uncle Tacitus
17%
Pearson Further Questions Of Female Suffrage
17%
Sadie Horsemen, Apocalypses
17%
Trelawny A Fine Night Of Debauchery
16%
Auto A Fork In The Road
16%
Auto Fleeting Joy
16%
Sadie Icarus And Friends
16%
Micah Just A Social Call
16%
Dutch Revenge Is A Dish Best Eaten
16%
Stranger Savagery Unleashed
16%
Charles The King's Son
16%
Brother Dorkins Help A Brother Out
15%
David Geddes Jim Milton Rides, Again?
15%
Strauss Money Lending And Other Sins VI
15%
Dutch That's Murfree Country
15%
Penelope The Course Of True Love IV
15%
Eagle Flies American Fathers
14%
Mary Fatherhood And Other Dreams
14%
Auto Paradise Mercifully Departed
14%
Bronte The Joys Of Civilization
14%
Uncle Uncle's Bad Day
14%
Uncle A New Jerusalem
13%
David Geddes Fatherhood, For Beginner
13%
Eagle Flies Favored Sons
13%
Sadie Visiting Hours
13%
Edith Downes Do Not Seek Absolution I
12%
Abigail Fatherhood, For Idiots
12%
Sadie Goodbye, Dear Friend
12%
Auto Motherhood
12%
Micah The Delights Of Van Horn
12%
Edith Downes Do Not Seek Absolution II
11%
Albert Cakes The Tool Box
11%
Dutch A Kind And Benevolent Despot
10%
Swanson A Rage Unleashed
10%
Abigail A Really Big Bastard
10%
Brother Dorkins Brothers And Sisters, One And All
10%
John The Bridge To Nowhere
10%
Trelawny The Fine Art Of Conversation
10%
Jack Trying Again
10%
Captain Monroe Honor Amongst Thieves
9%
Auto Old Habits
9%
Tom Dickens Simple Pleasures
9%
Tom Dickens Farming For Beginners
7%
Sadie Mrs. Sadie Adler, Widow
6%
Rains Fall Archaeology For Beginners
5%
Sadie Gainful Employment
5%
Sister Calderon Of Men And Angels
5%
Uncle Bare Knuckle Friendships
4%
Abigail A New Future Imagined
2%
Sadie An Honest Day's Labors
2%
Ansel Atherton Home Of The Gentry
2%
Uncle A Quick Favor For An Old Friend
1%
Uncle Home Improvement For Beginners
1%
Ansel Atherton The Landowning Classes
1%
No matching quizzes found
Score Distribution
Percent of People with Each Score
Percentile by Number Answered
Your Score History
You have not taken this quiz